| 000 | 00725nam a22002177a 4500 | ||
|---|---|---|---|
| 999 |
_c18036 _d18036 |
||
| 003 | AR-CdUCM | ||
| 008 | 190511b ||||| |||| 00| 0 spa d | ||
| 020 | _a968-413-162-3 | ||
| 040 |
_aMUNICIPALIDAD PROVINCIAL DEL CUSCO _cBIBLIOTECA MUNICIPAL DEL CUSCO |
||
| 082 |
_23ed. _a741 / _bH81 |
||
| 100 |
_aHoyos, Fernando _938375 |
||
| 245 | _aLibrito de las imágenes imaginables / | ||
| 260 |
_aMéxico : _bEspasa-Calpe _c1987. |
||
| 300 |
_a92 paginas ; _bIlustraciones, _c17 cm. |
||
| 440 |
_aAustral juvenil _938376 |
||
| 505 | _aContenido :Pajarito -- Hombrecito -- Lobito -- Garcita -- Nubecita... | ||
| 650 |
_aImagenes _927679 |
||
| 650 |
_aIlustraciones _914631 |
||
| 942 |
_2ddc _cLIBROS |
||
| 945 |
_awnts _d2019-05-11 |
||